Statistics for Most popular Second Languages

Click here to take the quiz!

General Stats

  • This quiz has been taken 42 times
  • The average score is 8 of 15

Answer Stats

CountryMost spoken second language% Correct
USASpanish
89%
ChinaCantonese
84%
BelarusRussian
84%
CanadaFrench
81%
FinlandSwedish
70%
FranceEnglish
65%
IndiaBengali
62%
SwedenEnglish
62%
SomaliaArabic
54%
GermanyTurkish
54%
AustraliaMandarin
51%
ArgentinaItalian
41%
RussiaTartar
8%
MexicoNahutal
0%
MongoliaTurkic
0%

Score Distribution

Percentile by Number Answered

Percent of People with Each Score

Your Score History

You have not taken this quiz